Industrial harmony in modern Japan : The invention of a tradition
Tallennettuna:
| Päätekijä: | |
|---|---|
| Aineistotyyppi: | Kirja |
| Kieli: | Undetermined |
| Julkaistu: |
London
Routledge
1991
|
| Aiheet: | |
| Tagit: |
Lisää tagi
Ei tageja, Lisää ensimmäinen tagi!
|
| Thư viện lưu trữ: | Trung tâm Học liệu Trường Đại học Cần Thơ |
|---|
| LEADER | 00551nam a2200205Ia 4500 | ||
|---|---|---|---|
| 001 | CTU_87852 | ||
| 008 | 210402s9999 xx 000 0 und d | ||
| 082 | |a 302.3 | ||
| 082 | |b K56 | ||
| 100 | |a Kinzley, W. Dean | ||
| 245 | 0 | |a Industrial harmony in modern Japan : | |
| 245 | 4 | |b The invention of a tradition | |
| 245 | 0 | |c W. Dean Kinzley | |
| 260 | |a London | ||
| 260 | |b Routledge | ||
| 260 | |c 1991 | ||
| 650 | |a Industrial relations | ||
| 650 | |z Japan | ||
| 904 | |i Trọng Hiếu | ||
| 980 | |a Trung tâm Học liệu Trường Đại học Cần Thơ | ||